Wheel of Time characters with I initials - Statistics

General Stats
  • This quiz has been taken 46 times
  • The average score is 5 of 11
Answer Stats
Hint Answer % Correct
IM Lan's cousin and part of Slayer Isam Mandragoran
100%
IS An Aes Sedai of the Blue and Black Ajahs poisoned with crimsonthorn Ispan Shefar
89%
IC The founder and first queen of Andor Ishara Casalain
83%
IA A victim of Merean Redhill in Chachin Iselle Arrel
72%
IT The Headmistress of the Academy of Cairhien Idrien Tarsin
50%
IF An Aes Sedai of the Green Ajah who was stilled by Rand al'Thor Irgain Fatamed
50%
IL An Aes Sedai of the Brown Ajah raised Amyrlin Seat Igaine Luin
17%
IB A woman who wrote about Darkhounds Ivonell Bharatiya
17%
IH A Defender of the Stone in Tear Iagin Handar
11%
ID A Cairhienin banker in Tar Valon Ilain Dormaille
11%
IN One of the founders of Tear Istaban Novares
11%
No matching quizzes found
Score Distribution
Percent of People with Each Score
Percentile by Number Answered
Your Score History
You have not taken this quiz